[Event "SVR-op"]
[Site "Trier"]
[Date "2016.03.25"]
[Round "6"]
[White "Pandorf, Horst"]
[Black "Vochtel, Kevin"]
[Result "1-0"]
[WhiteElo "1755"]
[BlackElo "1101"]
[PlyCount "37"]
[EventDate "2016.03.19"]
[EventType "swiss"]
[EventRounds "7"]
[EventCountry "GER"]
[SourceTitle "CBM 171 Extra"]
[Source "ChessBase"]
[SourceDate "2016.04.26"]
[SourceVersion "1"]
[SourceVersionDate "2016.04.26"]
[SourceQuality "1"]

1. d4 d5 2. c4 c6 3. Nf3 a6 4. e3 Bg4 5. Nbd2 Nf6 6. Qb3 b5 7. cxb5 axb5 8. Bd3 e6 9. Ne5 Nfd7 10. Nxg4 Bd6 11. Nf3 f6 12. h3 e5 13. dxe5 fxe5 14. e4 dxe4 15. Bxe4 Nc5 16. Qc2 Ra4 17. Bxh7 Rxh7 18. Qxh7 Nd3+ 19. Qxd3 1-0

[Event "SVR-op"]
[Site "Trier"]
[Date "2016.03.24"]
[Round "4"]
[White "Pandorf, Horst"]
[Black "Schwickerath, Leon"]
[Result "1/2-1/2"]
[WhiteElo "1755"]
[BlackElo "1270"]
[PlyCount "113"]
[EventDate "2016.03.19"]
[EventType "swiss"]
[EventRounds "7"]
[EventCountry "GER"]
[SourceTitle "CBM 171 Extra"]
[Source "ChessBase"]
[SourceDate "2016.04.26"]
[SourceVersion "1"]
[SourceVersionDate "2016.04.26"]
[SourceQuality "1"]

1. d4 d5 2. c4 e6 3. Nc3 Nf6 4. Bg5 Be7 5. e3 Nc6 6. Nf3 h6 7. Bh4 0-0 8. Rc1 Nd7 9. Bxe7 Nxe7 10. Bd3 c6 11. 0-0 Qc7 12. cxd5 exd5 13. Qe2 Re8 14. e4 Nf5 15. e5 Nb6 16. a3 Be6 17. Nb5 Qd7 18. Bxf5 Bxf5 19. Nc3 Re6 20. Nh4 Bg6 21. b3 Qe7 22. Nxg6 Rxg6 23. f4 Re8 24. Qh5 Nd7 25. b4 Kh7 26. h4 Re6 27. f5 g6 28. fxe6 gxh5 29. Rxf7+ Qxf7 30. exf7 Re7 31. Rf1 Kg7 32. Ne2 Rxf7 33. Rxf7+ Kxf7 34. Nf4 Nf8 35. Nxh5 Kg6 36. Nf4+ Kf5 37. g3 b6 38. Kf2 Nd7 39. Ne2 c5 40. Kf3 cxd4 41. Nxd4+ Kxe5 42. Nc6+ Kf5 43. g4+ Ke6 44. Nxa7 Ne5+ 45. Kg3 d4 46. Nb5 Kd5 47. a4 Kc4 48. Nxd4 Kxd4 49. a5 bxa5 50. bxa5 Nc6 51. Kf4 Nxa5 52. h5 Nc6 53. g5 hxg5+ 54. Kxg5 Ne5 55. Kf5 Nf7 56. Kg6 Ne5+ 57. Kf6 1/2-1/2

[Event "SVR-op"]
[Site "Trier"]
[Date "2016.03.20"]
[Round "3"]
[White "Teichgraeber, Ralf"]
[Black "Pandorf, Horst"]
[Result "1-0"]
[WhiteElo "1911"]
[BlackElo "1755"]
[PlyCount "83"]
[EventDate "2016.03.19"]
[EventType "swiss"]
[EventRounds "7"]
[EventCountry "GER"]
[SourceTitle "CBM 171 Extra"]
[Source "ChessBase"]
[SourceDate "2016.04.26"]
[SourceVersion "1"]
[SourceVersionDate "2016.04.26"]
[SourceQuality "1"]

1. d4 d5 2. c4 c6 3. Nc3 Nf6 4. e3 e6 5. Nf3 Nbd7 6. Bd3 dxc4 7. Bxc4 b5 8. Bd3 a6 9. e4 c5 10. d5 e5 11. h3 Bd6 12. Nh4 Nb6 13. Qf3 c4 14. Bc2 b4 15. Na4 Bd7 16. Nxb6 Qxb6 17. Nf5 Bxf5 18. exf5 Qd4 19. 0-0 0-0 20. Rd1 Qb6 21. Bg5 Qd8 22. Ba4 Qe7 23. Rac1 e4 24. Bxf6 gxf6 25. Qg4+ Kh8 26. Rxc4 Qe5 27. Qxe4 Qxb2 28. Qd4 Qxd4 29. Rdxd4 Rab8 30. Rc6 Be5 31. Rdc4 a5 32. f4 Bc3 33. Ra6 Rfd8 34. d6 Bd2 35. Kf2 Rbc8 36. Rxc8 Rxc8 37. d7 Rd8 38. Re6 fxe6 39. fxe6 b3 40. e7 bxa2 41. e8Q+ Kg7 42. Qe7+ 1-0

[Event "SVR-op"]
[Site "Trier"]
[Date "2016.03.19"]
[Round "2"]
[White "Pandorf, Horst"]
[Black "Eske, Alexander"]
[Result "1/2-1/2"]
[WhiteElo "1755"]
[BlackElo "1725"]
[PlyCount "89"]
[EventDate "2016.03.19"]
[EventType "swiss"]
[EventRounds "7"]
[EventCountry "GER"]
[SourceTitle "CBM 171 Extra"]
[Source "ChessBase"]
[SourceDate "2016.04.26"]
[SourceVersion "1"]
[SourceVersionDate "2016.04.26"]
[SourceQuality "1"]

1. d4 Nf6 2. c4 g6 3. Nc3 Bg7 4. e4 d6 5. Nf3 0-0 6. Be2 Nc6 7. 0-0 e5 8. d5 Ne7 9. Bd2 h6 10. Rc1 Ne8 11. Qc2 f5 12. exf5 Bxf5 13. Bd3 Nf6 14. Nh4 Bxd3 15. Qxd3 g5 16. Ng6 Nxg6 17. Qxg6 Qe8 18. Qxe8 Rfxe8 19. f3 Re7 20. Ne4 b6 21. b3 Rf8 22. g4 Ref7 23. Kg2 Kh7 24. Ng3 Ng8 25. Nf5 Ne7 26. Nxg7 Kxg7 27. Bc3 Ng6 28. Be1 Nf4+ 29. Kh1 Nd3 30. Rd1 Nxe1 31. Rdxe1 Rxf3 32. Kg2 Rxf1 33. Rxf1 Rf4 34. h3 Rxf1 35. Kxf1 Kf6 36. Kf2 Ke7 37. b4 a6 38. a4 Kd7 39. b5 axb5 40. axb5 Ke7 41. Ke3 Kf6 42. Kf3 Kg6 43. Ke3 h5 44. Kf3 hxg4+ 45. hxg4 1/2-1/2

[Event "Rheinland Pfalz op Seniors 13th"]
[Site "Neustadt an der Weinstrasse"]
[Date "2015.07.16"]
[Round "7"]
[White "Hennrich, Reinhard"]
[Black "Pandorf, Horst"]
[Result "1-0"]
[WhiteElo "1838"]
[BlackElo "1753"]
[PlyCount "53"]
[EventDate "2015.07.10"]
[EventType "swiss"]
[EventRounds "7"]
[EventCountry "GER"]
[SourceTitle "EXT 2019"]
[Source "ChessBase"]
[SourceDate "2018.10.10"]
[SourceVersion "1"]
[SourceVersionDate "2018.10.10"]
[SourceQuality "1"]

1. d4 d5 2. Nf3 Nf6 3. Bf4 e6 4. e3 Bd6 5. Bxd6 Qxd6 6. Bd3 b6 7. Nbd2 c5 8. c3 Nc6 9. 0-0 e5 10. dxe5 Nxe5 11. Nxe5 Qxe5 12. Bb5+ Bd7 13. Bxd7+ Nxd7 14. Qa4 Qc7 15. Rad1 0-0 16. e4 Qb7 17. exd5 b5 18. Qg4 Nf6 19. Qf3 c4 20. d6 Qa6 21. Ne4 Nxe4 22. Qxe4 Rad8 23. d7 Qe6 24. Qb7 a6 25. Rfe1 Rb8 26. Qxb8 Qxe1+ 27. Rxe1 1-0

[Event "SVR op"]
[Site "Nickenich"]
[Date "2015.04.04"]
[Round "7"]
[White "Pandorf, Horst"]
[Black "Hoefer, Helmut"]
[Result "1-0"]
[WhiteElo "1520"]
[BlackElo "1412"]
[PlyCount "125"]
[EventDate "2015.03.28"]
[EventType "swiss"]
[EventRounds "7"]
[EventCountry "GER"]
[SourceTitle "EXT 2016"]
[Source "ChessBase"]
[SourceDate "2015.10.08"]
[SourceVersion "1"]
[SourceVersionDate "2015.10.08"]
[SourceQuality "1"]

1. d4 Nf6 2. c4 c5 3. d5 b5 4. Nd2 d6 5. e4 b4 6. Ngf3 g6 7. b3 Bg7 8. Bb2 Nbd7 9. Bd3 0-0 10. Qc2 Nh5 11. Bxg7 Kxg7 12. Qb2+ Kg8 13. g3 e5 14. dxe6 fxe6 15. 0-0 Qf6 16. Qb1 e5 17. h4 Ng7 18. Be2 Ne6 19. Qd3 Qe7 20. a3 Nb6 21. axb4 cxb4 22. Ra5 Nc5 23. Qe3 Bb7 24. Rfa1 a6 25. Ne1 Nbd7 26. Nc2 Rfb8 27. Nxb4 Bxe4 28. Nd5 Bxd5 29. cxd5 Nf6 30. Bc4 Qb7 31. Qg5 Kg7 32. g4 h6 33. Qe3 Nxg4 34. Qe2 Nf6 35. Bxa6 Nxa6 36. Rxa6 Rxa6 37. Qxa6 Qxa6 38. Rxa6 Rb5 39. Rxd6 Rxd5 40. Rxd5 Nxd5 41. Ne4 Kf7 42. Kf1 Ke6 43. Ke2 Nf4+ 44. Kf3 Kd5 45. Nd2 h5 46. b4 Ne6 47. Ke3 g5 48. b5 g4 49. b6 Kc6 50. Nc4 Nc5 51. Nxe5+ Kxb6 52. Ng6 Ne6 53. Nf4 Ng7 54. Ke4 Kc5 55. Ke5 Kc4 56. Kf6 Ne8+ 57. Kg5 Nd6 58. Kxh5 Ne4 59. Kxg4 Nxf2+ 60. Kf5 Kd4 61. h5 Ne4 62. h6 Ng3+ 63. Kg6 1-0

[Event "SVR op"]
[Site "Nickenich"]
[Date "2015.03.28"]
[Round "2"]
[White "Schoenberger, Kay"]
[Black "Pandorf, Horst"]
[Result "1-0"]
[WhiteElo "1776"]
[BlackElo "1520"]
[PlyCount "73"]
[EventDate "2015.03.28"]
[EventType "swiss"]
[EventRounds "7"]
[EventCountry "GER"]
[SourceTitle "EXT 2016"]
[Source "ChessBase"]
[SourceDate "2015.10.08"]
[SourceVersion "1"]
[SourceVersionDate "2015.10.08"]
[SourceQuality "1"]

1. d4 d5 2. c4 c6 3. Nc3 Nf6 4. e3 e6 5. Nf3 Nbd7 6. Bd3 dxc4 7. Bxc4 b5 8. Be2 a6 9. 0-0 Bb7 10. b3 c5 11. Bb2 Bd6 12. Rc1 Rc8 13. a4 b4 14. Nb1 0-0 15. Nbd2 Re8 16. Nc4 Bc7 17. Qc2 Be4 18. Bd3 Bxf3 19. gxf3 g6 20. Kh1 Nh5 21. Rg1 cxd4 22. Bxd4 e5 23. Bb2 Nc5 24. Bf5 e4 25. fxe4 Qh4 26. f4 Rcd8 27. e5 Kf8 28. Nd6 Bxd6 29. exd6 Rxe3 30. Qxc5 Re2 31. d7+ Kg8 32. Rg2 Rxg2 33. Kxg2 Nxf4+ 34. Kh1 Qg5 35. Rg1 Qh5 36. Qe3 Qxf5 37. Qe8+ 1-0

[Event "SVR-ch MAT-II 37th"]
[Site "Heimbach Weis"]
[Date "2014.04.17"]
[Round "6"]
[White "Pandorf, Horst"]
[Black "Breuer, Yannick"]
[Result "0-1"]
[WhiteElo "1577"]
[BlackElo "1755"]
[PlyCount "92"]
[EventDate "2014.04.11"]
[EventType "tourn"]
[EventRounds "9"]
[EventCountry "GER"]
[SourceTitle "CBM 160 Extra"]
[Source "ChessBase"]
[SourceDate "2014.07.01"]
[SourceVersion "1"]
[SourceVersionDate "2014.07.01"]
[SourceQuality "1"]

1. d4 Nf6 2. c4 g6 3. Nc3 d5 4. cxd5 Nxd5 5. e4 Nxc3 6. bxc3 Bg7 7. Bc4 c5 8. Ne2 0-0 9. 0-0 Nc6 10. Be3 Qa5 11. Rc1 Rd8 12. Qb3 e6 13. Rfd1 Bd7 14. Bg5 Rdb8 15. d5 b5 16. dxc6 bxc4 17. Qxb8+ Rxb8 18. cxd7 f6 19. Be3 Rd8 20. Nf4 Qa4 21. Nxe6 Rxd7 22. Re1 Qc6 23. Nxc5 Rd8 24. Bd4 Bf8 25. e5 Bxc5 26. Bxc5 Qxc5 27. e6 Rd2 28. Re3 Qe7 29. Kf1 Rd6 30. Rce1 Kg7 31. g4 Kf8 32. h4 Qb7 33. e7+ Ke8 34. Kg1 Rd7 35. Kh2 Qb2 36. R1e2 Rd2 37. Re1 Rxf2+ 38. Kg3 Rg2+ 39. Kf4 Qf2+ 40. Ke4 Rxg4+ 41. Kd5 Qf5+ 42. Kc6 Qd7+ 43. Kc5 Rxh4 44. Re6 Qc7+ 45. Kb4 Rh5 46. Rxf6 Qc5+ 0-1

[Event "SVR-ch MAT-II 37th"]
[Site "Heimbach Weis"]
[Date "2014.04.12"]
[Round "2"]
[White "Ley, Reinhard"]
[Black "Pandorf, Horst"]
[Result "1-0"]
[WhiteElo "1585"]
[BlackElo "1577"]
[PlyCount "64"]
[EventDate "2014.04.11"]
[EventType "tourn"]
[EventRounds "9"]
[EventCountry "GER"]
[SourceTitle "CBM 160 Extra"]
[Source "ChessBase"]
[SourceDate "2014.07.01"]
[SourceVersion "1"]
[SourceVersionDate "2014.07.01"]
[SourceQuality "1"]

1. d4 d5 2. Nf3 Nf6 3. e3 e6 4. Bd3 Be7 5. Nbd2 b6 6. Ne5 Bb7 7. 0-0 c6 8. f4 Qc7 9. Ndf3 g6 10. Bd2 Nbd7 11. Qe2 Ne4 12. Be1 f6 13. Nxd7 Qxd7 14. c4 0-0 15. cxd5 exd5 16. Nd2 f5 17. Nxe4 fxe4 18. Ba6 b5 19. Bxb7 Qxb7 20. Qg4 Rf5 21. Bh4 Rc8 22. Rac1 c5 23. Bxe7 Qxe7 24. dxc5 Rxc5 25. Qd1 Rf8 26. b4 Rc4 27. Qxd5+ Qf7 28. Qxb5 Rxc1 29. Rxc1 Qxa2 30. Qc4+ Qxc4 31. Rxc4 Re8 32. Kf2 Kg7 1-0

[Event "Bad Godesberg op 17th"]
[Site "Bad Godesberg"]
[Date "2013.08.10"]
[Round "8"]
[White "Pandorf, Horst"]
[Black "Quaegwer, Gerhard"]
[Result "1-0"]
[WhiteElo "1704"]
[BlackElo "1430"]
[PlyCount "70"]
[EventDate "2013.08.03"]
[EventType "swiss"]
[EventRounds "9"]
[EventCountry "GER"]
[SourceTitle "CBM 155 Extra"]
[Source "ChessBase"]
[SourceDate "2013.08.26"]
[SourceVersion "1"]
[SourceVersionDate "2013.08.26"]
[SourceQuality "1"]

1. d4 d5 2. c4 e6 3. Nc3 Nf6 4. Bg5 Be7 5. Nf3 0-0 6. e3 b6 7. cxd5 exd5 8. Be2 c6 9. 0-0 Be6 10. a3 Nbd7 11. h3 Qc7 12. Rc1 Qb7 13. Bd3 h6 14. Bf4 Rac8 15. Qe2 Nb8 16. Ne5 c5 17. Bb1 c4 18. Qf3 b5 19. Ne2 a5 20. g4 Nh7 21. Qg2 Ng5 22. h4 Ne4 23. Bxe4 dxe4 24. g5 hxg5 25. hxg5 g6 26. Qh2 f6 27. Nxg6 Kf7 28. Qh7+ Ke8 29. Nxf8 Kxf8 30. gxf6 Bf7 31. Qh8+ Bg8 32. Qg7+ Ke8 33. Qxg8+ Bf8 34. Qe6+ Kd8 35. f7 Qxf7 1-0

[Event "Bad Godesberg op 17th"]
[Site "Bad Godesberg"]
[Date "2013.08.06"]
[Round "4"]
[White "Pandorf, Horst"]
[Black "Opitz, Frank"]
[Result "0-1"]
[WhiteElo "1704"]
[BlackElo "1948"]
[PlyCount "105"]
[EventDate "2013.08.03"]
[EventType "swiss"]
[EventRounds "9"]
[EventCountry "GER"]
[SourceTitle "CBM 155 Extra"]
[Source "ChessBase"]
[SourceDate "2013.08.26"]
[SourceVersion "1"]
[SourceVersionDate "2013.08.26"]
[SourceQuality "1"]

1. d4 e6 2. c4 f5 3. g3 Nf6 4. Bg2 Bb4+ 5. Bd2 Bxd2+ 6. Qxd2 0-0 7. Nc3 d6 8. Nf3 Qe7 9. 0-0 c6 10. b4 e5 11. dxe5 dxe5 12. c5 e4 13. Nd4 Rd8 14. e3 Na6 15. Qb2 Nc7 16. Rad1 g6 17. Rfe1 Be6 18. Nxe6 Qxe6 19. Bf1 Ng4 20. Ne2 Ne5 21. Nd4 Qf6 22. Qb3+ Qf7 23. Be2 Qxb3 24. Nxb3 Nb5 25. Rxd8+ Rxd8 26. Rd1 Rxd1+ 27. Bxd1 Nc3 28. Bc2 Nxa2 29. Na5 Nxb4 30. Bb3+ Kf8 31. Nxb7 Nf3+ 32. Kg2 Ke7 33. h4 Kd7 34. Na5 Ne5 35. Bg8 h6 36. Bh7 Ke6 37. Bg8+ Ke7 38. Bb3 Nbd3 39. Bd1 Nxc5 40. f3 exf3+ 41. Bxf3 Nxf3 42. Nxc6+ Kd6 43. Nxa7 Ne5 44. Nb5+ Kd5 45. Nc3+ Kc4 46. Ne2 Kd3 47. Nf4+ Kxe3 48. h5 g5 49. Nd5+ Kd4 50. Ne7 Ke4 51. Ng8 Ng4 52. Ne7 Nd7 53. Nc8 0-1

[Event "Rheinland Pfalz op 5th"]
[Site "Worms"]
[Date "2013.06.01"]
[Round "6"]
[White "Hahmann, Markus"]
[Black "Pandorf, Horst"]
[Result "1-0"]
[WhiteElo "1932"]
[BlackElo "1713"]
[PlyCount "119"]
[EventDate "2013.05.30"]
[EventType "swiss"]
[EventRounds "7"]
[EventCountry "GER"]
[SourceTitle "EXT 2014"]
[Source "ChessBase"]
[SourceDate "2013.11.20"]
[SourceVersion "1"]
[SourceVersionDate "2013.11.20"]
[SourceQuality "1"]

1. d4 d5 2. Nc3 Bf5 3. Nf3 Nc6 4. Nh4 Bg6 5. Nxg6 hxg6 6. Bg5 f6 7. Bf4 e5 8. dxe5 fxe5 9. Bd2 Nf6 10. Bg5 d4 11. Qd3 Ne7 12. Ne4 Nxe4 13. Qxe4 Qd5 14. Qxd5 Nxd5 15. 0-0-0 Be7 16. Bxe7 Nxe7 17. e3 0-0-0 18. exd4 exd4 19. Bd3 g5 20. Rde1 Nc6 21. a3 a6 22. Kd2 Rdf8 23. Re2 g4 24. Be4 g5 25. f3 g3 26. h3 Nd8 27. Rhe1 c5 28. Bd5 Nc6 29. Bxc6 bxc6 30. Re5 g4 31. fxg4 Rf2+ 32. R1e2 Rf4 33. Re8+ Rxe8 34. Rxe8+ Kd7 35. Re5 Rf2+ 36. Re2 Rf8 37. b3 a5 38. Kd3 Kd6 39. a4 Kd5 40. Re7 Rf2 41. Re2 Rf8 42. Kd2 c4 43. g5 cxb3 44. cxb3 c5 45. Kd3 Rg8 46. Re4 Rb8 47. Rg4 Rxb3+ 48. Kd2 c4 49. g6 Rb2+ 50. Kc1 Rb8 51. g7 Rg8 52. Kd2 Kc5 53. h4 Kb4 54. h5 Kb3 55. h6 Kb2 56. Rg6 c3+ 57. Kd3 Rb8 58. g8Q Rb3 59. Qxb3+ Kxb3 60. Rb6+ 1-0

[Event "SVR-op 36th"]
[Site "Idar Oberstein"]
[Date "2013.03.28"]
[Round "5"]
[White "Pandorf, Horst"]
[Black "Fritsch, Alexander"]
[Result "0-1"]
[WhiteElo "1713"]
[BlackElo "1461"]
[PlyCount "86"]
[EventDate "2013.03.23"]
[EventType "swiss"]
[EventRounds "7"]
[EventCountry "GER"]
[SourceTitle "EXT 2014"]
[Source "ChessBase"]
[SourceDate "2013.11.20"]
[SourceVersion "1"]
[SourceVersionDate "2013.11.20"]
[SourceQuality "1"]

1. d4 c6 2. c4 d5 3. Nf3 Nf6 4. Nc3 e6 5. e3 Nbd7 6. Bd3 dxc4 7. Bxc4 b5 8. Bd3 Bb7 9. 0-0 a6 10. e4 c5 11. d5 c4 12. dxe6 fxe6 13. Bc2 b4 14. Na4 Nxe4 15. Re1 Nec5 16. Ne5 Nf6 17. Bg5 Qxd1 18. Raxd1 Be7 19. Nxc4 Rd8 20. Rxd8+ Kxd8 21. Ne5 Ke8 22. Nxc5 Bxc5 23. Ba4+ Ke7 24. Nc6+ Bxc6 25. Bxc6 Rd8 26. Kf1 h6 27. Bf4 g5 28. Bg3 Nh5 29. Be5 Nf4 30. Bxf4 gxf4 31. Ke2 Kf6 32. b3 Bd4 33. Rd1 e5 34. f3 Rg8 35. Kf1 Rc8 36. Rc1 Ke7 37. Rc4 Kd6 38. Bb7 Rxc4 39. bxc4 a5 40. Ke2 a4 41. Kd2 b3 42. axb3 a3 43. c5+ Kc7 0-1

[Event "SVR-op 36th"]
[Site "Idar Oberstein"]
[Date "2013.03.28"]
[Round "4"]
[White "Weber, Daniel"]
[Black "Pandorf, Horst"]
[Result "0-1"]
[WhiteElo "1134"]
[BlackElo "1713"]
[PlyCount "54"]
[EventDate "2013.03.23"]
[EventType "swiss"]
[EventRounds "7"]
[EventCountry "GER"]
[SourceTitle "EXT 2014"]
[Source "ChessBase"]
[SourceDate "2013.11.20"]
[SourceVersion "1"]
[SourceVersionDate "2013.11.20"]
[SourceQuality "1"]

1. e4 e6 2. Nc3 d5 3. d4 Bb4 4. Qe2 dxe4 5. Qxe4 Nf6 6. Qd3 Nc6 7. Be3 0-0 8. 0-0-0 Bxc3 9. Qxc3 Nd5 10. Qb3 b6 11. Nf3 a5 12. Ne5 Bb7 13. Bb5 Nxe5 14. dxe5 Qh4 15. Rd4 Qe7 16. Bd2 c6 17. Be2 b5 18. Qg3 f6 19. exf6 Qxf6 20. Rg4 Rf7 21. Bg5 Qxf2 22. Qxf2 Rxf2 23. Bh6 g6 24. Bd3 Nb4 25. Kb1 Nxd3 26. cxd3 c5 27. Rg3 Bxg2 0-1

[Event "SVR-op 36th"]
[Site "Idar Oberstein"]
[Date "2013.03.23"]
[Round "1"]
[White "Pandorf, Horst"]
[Black "Dreher, Heini"]
[Result "0-1"]
[WhiteElo "1713"]
[BlackElo "1196"]
[PlyCount "118"]
[EventDate "2013.03.23"]
[EventType "swiss"]
[EventRounds "7"]
[EventCountry "GER"]
[SourceTitle "EXT 2014"]
[Source "ChessBase"]
[SourceDate "2013.11.20"]
[SourceVersion "1"]
[SourceVersionDate "2013.11.20"]
[SourceQuality "1"]

1. d4 d6 2. c4 Nf6 3. Nc3 g6 4. e4 Bg7 5. f3 0-0 6. Be3 b6 7. Qd2 Bb7 8. Nge2 Nbd7 9. g4 c5 10. Ng3 a6 11. 0-0-0 Bc6 12. h4 b5 13. h5 b4 14. Nd5 Nxd5 15. cxd5 Bb5 16. hxg6 fxg6 17. Qh2 Kf7 18. f4 Qa5 19. Kb1 b3 20. a3 c4 21. Rc1 Rac8 22. f5 Rh8 23. Be2 c3 24. fxg6+ hxg6 25. Qf2+ Kg8 26. Rxh8+ Bxh8 27. Rh1 Bg7 28. Qh2 Kf7 29. g5 Rh8 30. Qf2+ Ke8 31. Rxh8+ Bxh8 32. Bxb5 axb5 33. Bc1 b4 34. Qe3 Nb6 35. Qd3 Na4 36. Qc4 cxb2 37. Bxb2 Nxb2 38. Qxb4 Qxb4 39. axb4 Bxd4 40. Ne2 Be5 41. Nc1 Nc4 42. Nxb3 Kd7 43. Kc2 Kc7 44. Kd3 Nb6 45. Nd2 Bf4 46. Nf3 Nd7 47. Nd4 Nf8 48. Nf3 Kb6 49. Kc4 Nd7 50. Kb3 Ne5 51. Nd4 Bxg5 52. Ne6 Bd2 53. Ng7 g5 54. Nf5 Ng6 55. Kc4 g4 56. b5 Bf4 57. Nd4 g3 58. Kd3 g2 59. Nf3 Ne5+ 0-1

[Event "SVR-op 36th"]
[Site "Idar Oberstein"]
[Date "2013.03.23"]
[Round "2"]
[White "Teper, Engin"]
[Black "Pandorf, Horst"]
[Result "1/2-1/2"]
[WhiteElo "1319"]
[BlackElo "1713"]
[PlyCount "47"]
[EventDate "2013.03.23"]
[EventType "swiss"]
[EventRounds "7"]
[EventCountry "GER"]
[SourceTitle "EXT 2014"]
[Source "ChessBase"]
[SourceDate "2013.11.20"]
[SourceVersion "1"]
[SourceVersionDate "2013.11.20"]
[SourceQuality "1"]

1. Nf3 d5 2. g3 Nf6 3. Bg2 Nc6 4. d4 e6 5. Nbd2 Bd6 6. c4 b6 7. Qa4 Bd7 8. cxd5 exd5 9. 0-0 0-0 10. e3 Re8 11. a3 a5 12. Qc2 a4 13. Nb1 Na5 14. Nc3 Nb3 15. Rb1 g6 16. Nh4 Rc8 17. Nxd5 Nxd5 18. Bxd5 Nxc1 19. Rbxc1 Bb5 20. Rfd1 Bxg3 21. Bxf7+ Kxf7 22. hxg3 Qd5 23. Ng2 Kg7 24. Nf4 1/2-1/2

[Event "SVR-op 35th"]
[Site "Nickenich"]
[Date "2012.03.31"]
[Round "2"]
[White "Pandorf, Horst"]
[Black "Engel, Hans Peter"]
[Result "1-0"]
[WhiteElo "1710"]
[BlackElo "1399"]
[PlyCount "63"]
[EventDate "2012.03.30"]
[EventType "swiss"]
[EventRounds "7"]
[EventCountry "GER"]
[SourceTitle "EXT 2013"]
[Source "ChessBase"]
[SourceDate "2012.11.22"]
[SourceVersion "1"]
[SourceVersionDate "2012.11.22"]
[SourceQuality "1"]

1. d4 d5 2. c4 e6 3. Nc3 Nf6 4. Bg5 dxc4 5. e3 Be7 6. Bxc4 c6 7. Nf3 Nd5 8. Bxe7 Qxe7 9. 0-0 0-0 10. Rc1 Nd7 11. e4 Nxc3 12. Rxc3 b5 13. Bd3 Bb7 14. Re1 Nb6 15. Ne5 Rac8 16. Bb1 f6 17. Nd3 Rfd8 18. Nc5 Ba8 19. Rd3 e5 20. b4 Rxd4 21. Rxd4 exd4 22. Qxd4 Rd8 23. Qe3 Nc4 24. Qh3 Ne5 25. f4 Ng6 26. Qe3 Qd6 27. Bc2 Qe7 28. g3 Bb7 29. Bb3+ Kh8 30. Ne6 Nf8 31. Nxd8 Qxd8 32. Rd1 1-0

[Event "SVR-ch Seniors 34th"]
[Site "Reil"]
[Date "2011.04.22"]
[Round "6"]
[White "Pandorf, Horst"]
[Black "Berres, Guenter"]
[Result "1-0"]
[WhiteElo "1702"]
[BlackElo "1140"]
[PlyCount "63"]
[EventDate "2011.04.15"]
[EventType "swiss"]
[EventRounds "7"]
[EventCountry "GER"]
[SourceTitle "EXT 2013"]
[Source "ChessBase"]
[SourceDate "2012.11.22"]
[SourceVersion "1"]
[SourceVersionDate "2012.11.22"]
[SourceQuality "1"]

1. d4 d5 2. c4 Nc6 3. e3 e5 4. cxd5 Qxd5 5. Nc3 Bb4 6. Bd2 Bxc3 7. bxc3 exd4 8. cxd4 Nge7 9. Nf3 0-0 10. Be2 Qd8 11. 0-0 a6 12. a4 a5 13. Rb1 b6 14. Qc1 Qd7 15. Bd3 Ba6 16. Qc2 Bxd3 17. Qxd3 Ng6 18. Rfc1 Rab8 19. Qb5 Nge7 20. e4 Rfd8 21. Bc3 f6 22. d5 Na7 23. Qb3 Kh8 24. Nd4 c6 25. Ne6 Re8 26. Rd1 Qb7 27. d6 Ng6 28. d7 Rg8 29. d8Q Ne5 30. Bxe5 fxe5 31. Qdxb6 Qxb6 32. Qxb6 1-0

[Event "Rheinland-ch MAT-I 28th"]
[Site "Trier"]
[Date "2005.??.??"]
[Round "2"]
[White "Graf, Rodolfo"]
[Black "Pandorf, Horst"]
[Result "1-0"]
[WhiteElo "1745"]
[BlackElo "1635"]
[PlyCount "69"]
[EventDate "2005.03.??"]
[EventType "tourn"]
[EventRounds "9"]
[EventCountry "GER"]
[SourceTitle "EXT 2009"]
[Source "ChessBase"]
[SourceDate "2008.11.26"]
[SourceVersion "1"]
[SourceVersionDate "2008.11.26"]
[SourceQuality "1"]

1. d4 d5 2. c4 c6 3. Nf3 Nf6 4. Nc3 e6 5. Bg5 Be7 6. e3 Nbd7 7. Rc1 Qa5 8. Bd3 h6 9. Bh4 0-0 10. 0-0 dxc4 11. Bxc4 Nb6 12. Bb3 Qh5 13. Qd3 Nbd5 14. a3 Re8 15. Bc2 Qf5 16. e4 Nf4 17. exf5 Nxd3 18. Bxd3 exf5 19. Bc4 g5 20. Bxg5 hxg5 21. Nxg5 Nd5 22. Rfe1 Bd7 23. Nf3 Be6 24. Bxd5 cxd5 25. Nb5 Red8 26. Rc7 Kf8 27. Ne5 Bd6 28. Nxd6 Rxd6 29. Rec1 f6 30. Ng6+ Kg8 31. Rxb7 Bf7 32. Ne7+ Kh8 33. Nxf5 Rb6 34. Rxf7 Rxb2 35. g3 1-0

[Event "Rheinland-ch MAT-I 28th"]
[Site "Trier"]
[Date "2005.??.??"]
[Round "4"]
[White "Matriciani, Ruediger"]
[Black "Pandorf, Horst"]
[Result "1/2-1/2"]
[WhiteElo "1985"]
[BlackElo "1635"]
[PlyCount "38"]
[EventDate "2005.03.??"]
[EventType "tourn"]
[EventRounds "9"]
[EventCountry "GER"]
[SourceTitle "EXT 2009"]
[Source "ChessBase"]
[SourceDate "2008.11.26"]
[SourceVersion "1"]
[SourceVersionDate "2008.11.26"]
[SourceQuality "1"]

1. e4 c5 2. Nf3 d6 3. d4 cxd4 4. Nxd4 Nf6 5. Nc3 g6 6. Be3 Bg7 7. f3 0-0 8. Bc4 Nc6 9. Qd2 Bd7 10. 0-0-0 Ne5 11. Bb3 Rc8 12. h4 Nc4 13. Bxc4 Rxc4 14. h5 Nxh5 15. g4 Nf6 16. Qh2 Rxc3 17. bxc3 Qa5 18. Bh6 Rc8 19. Bxg7 Kxg7 1/2-1/2

[Event "Rheinland-ch MAT-I 28th"]
[Site "Trier"]
[Date "2005.??.??"]
[Round "8"]
[White "Pandorf, Horst"]
[Black "Oliva, Jan"]
[Result "1/2-1/2"]
[WhiteElo "1635"]
[BlackElo "1790"]
[PlyCount "48"]
[EventDate "2005.03.??"]
[EventType "tourn"]
[EventRounds "9"]
[EventCountry "GER"]
[SourceTitle "EXT 2009"]
[Source "ChessBase"]
[SourceDate "2008.11.26"]
[SourceVersion "1"]
[SourceVersionDate "2008.11.26"]
[SourceQuality "1"]

1. d4 d5 2. c4 c6 3. cxd5 cxd5 4. Nc3 Nc6 5. Nf3 Nf6 6. Bg5 e6 7. e3 Be7 8. Bd3 0-0 9. 0-0 a6 10. Rc1 Na5 11. Qe2 b5 12. Ne5 Bb7 13. b4 Nc4 14. Bxf6 Bxf6 15. Nxc4 dxc4 16. Be4 Bxe4 17. Nxe4 Be7 18. Nc5 Bxc5 19. dxc5 Qc7 20. Rfd1 a5 21. a3 axb4 22. axb4 Ra4 23. Qb2 Rd8 24. g3 h6 1/2-1/2